الدولة الوطنية المعاصرة: (Record no. 12369)
[ view plain ]
| 000 -LEADER | |
|---|---|
| fixed length control field | 00901nam a22001817a 4500 |
| 008 - FIXED-LENGTH DATA ELEMENTS--GENERAL INFORMATION | |
| fixed length control field | 090719t xxu||||| |||| 00| 0 eng d |
| 020 ## - INTERNATIONAL STANDARD BOOK NUMBER | |
| International Standard Book Number | 9789953822143 |
| 082 ## - DEWEY DECIMAL CLASSIFICATION NUMBER | |
| Edition number | 22 |
| Classification number | 320.54 |
| Item number | د و ل |
| 245 02 - TITLE STATEMENT | |
| Title | الدولة الوطنية المعاصرة: |
| Remainder of title | أزمة الاندماج والتفكيك |
| 260 ## - PUBLICATION, DISTRIBUTION, ETC. (IMPRINT) | |
| Place of publication, distribution, etc | بيروت: |
| Name of publisher, distributor, etc | مركز دراسات الوحدة العربية ، |
| Date of publication, distribution, etc | 2008 |
| 300 ## - PHYSICAL DESCRIPTION | |
| Extent | 166 ص |
| Dimensions | 24 سم |
| 490 1# - Series Statement | |
| Series statement | سلسلة كتب المستقبل العربى |
| Volume/sequential designation | 58 |
| 650 ## - SUBJECT ADDED ENTRY--TOPICAL TERM | |
| 9 (RLIN) | 8069 |
| Topical term or geographic name as entry element | الديمقراطية |
| Geographic subdivision | البلدان العربية |
| 650 ## - SUBJECT ADDED ENTRY--TOPICAL TERM | |
| 9 (RLIN) | 8070 |
| Topical term or geographic name as entry element | الاحزاب السياسية |
| Geographic subdivision | البلدان العربية |
| 700 1# - ADDED ENTRY--PERSONAL NAME | |
| 9 (RLIN) | 8071 |
| Personal name | الرحمون ، احمد عوض |
| 942 ## - ADDED ENTRY ELEMENTS (KOHA) | |
| Source of classification or shelving scheme | Dewey Decimal Classification |
| Item type | Book - Borrowing |
| Withdrawn status | Item status | Source of classification or shelving scheme | Damaged status | Not for loan | Vendor | Home library | Current library | Shelving location | Date acquired | Source of acquisition | Cost, normal purchase price | Serial Enumeration / chronology | Total Checkouts | Total Renewals | Full call number | Barcode | Date last seen | Date last borrowed | Koha item type |
|---|---|---|---|---|---|---|---|---|---|---|---|---|---|---|---|---|---|---|---|
| Dewey Decimal Classification | M. Arabic Studies | Central Library | Central Library | First floor | 19/07/2009 | 36.00 | 7013 | 1 | 20 | 320.54 الد | 000017533 | 15/07/2025 | 13/03/2013 | Book - Borrowing |